| 000 | 00480nam a2200181Ia 4500 | ||
|---|---|---|---|
| 008 | 230711s9999||||xx |||||||||||||| ||und|| | ||
| 020 | _a81-239-0537-8 | ||
| 041 | _aENG | ||
| 082 |
_a664.02 _bRI-C |
||
| 100 | _aRichardson,T | ||
| 245 | 0 | _aChemical Changes in Food During Processing | |
| 250 | _a1st Ed. | ||
| 260 |
_c1985 _aNew Delhi _bCBS Publishers & Distributors Pvt.Ltd |
||
| 300 | _a514p. | ||
| 650 | _aFood Science and Technology | ||
| 700 | _aFinley,J.W | ||
| 942 | _cBK | ||
| 999 |
_c7384 _d7384 |
||